000 01716nam a22001577a 4500
999 _c528105
_d528105
008 241112b ||||| |||| 00| 0 eng d
100 _aOstaaijen, Julien Van
_959480
245 _aUsing the urban regime framework to study processes of urban governance: Agendas, coalitions, resources, and schemes of cooperation
260 _aUrban Affairs Review
300 _a60(2), Mar, 2024: p.515-544
520 _aOne of the questions when undertaking comparative research into local politics and processes of collective organization is what frame should be used. In recent decades, many scholars have opted for the urban regime. There is however much debate about the usefulness of this concept for comparative purposes, with the urban regime accused of being theoretically both too narrow as well as too general. In three Dutch case studies, researchers have sought a middle way by applying the urban regime's four building blocks (agenda, coalition, resources, and scheme of cooperation) as a heuristic framework. The results show that this approach has several advantages, especially for comparative purposes, as it provides a clear oversight as to which agendas dominate where and when, and how certain coalitions, resources, and schemes of cooperation align. These benefits however require close attention to certain points: researchers should interpret the building blocks consistently and try to avoid overlap and repetition between them.- Reproduced https://journals.sagepub.com/doi/full/10.1177/10780874231180812
650 _aUrban regime, Regime theory, Regime analysis, Local government, Urban governance.
_948649
773 _aUrban Affairs Review
906 _aURBAN DEVELOPMENT
942 _cAR